LEADER 01089cam0-22003251i-450- 001 990007825760403321 005 20140922093640.0 010 $a88-348-3243-4 035 $a000782576 035 $aFED01000782576 035 $a(Aleph)000782576FED01 035 $a000782576 100 $a20030917d2003----km-y0itay50------ba 101 0 $aita 102 $aIT 105 $ay-------001yy 200 1 $aSciopero e servizi pubblici essenziali nel processo d'integrazione europea$euno studio di diritto comparato e comunitario$fGiovanni Orlandini$gcon prefazione di Lord Wedderburn 210 $aTorino$cGiappichelli$d2003 215 $aXVI, 401 p.$d24 cm 225 1 $aDiritto del lavoro$v21 676 $a344.4501892$v20$zita 700 1$aOrlandini,$bGiovanni$f<1968- >$0280195 702 1$aWedderburn of Charlton,$bKenneth William 801 0$aIT$bUNINA$gREICAT$2UNIMARC 901 $aBK 912 $a990007825760403321 952 $aB-III-172$fDDRC 959 $aDDRC 996 $aSciopero e servizi pubblici essenziali nel processo d'integrazione europea$9279955 997 $aUNINA LEADER 02910nam 2200649Ia 450 001 9910457972403321 005 20200520144314.0 010 $a1-62103-769-X 010 $a1-282-63768-1 010 $a9786612637681 010 $a1-60473-456-6 035 $a(CKB)2560000000015014 035 $a(EBL)917300 035 $a(OCoLC)646068370 035 $a(SSID)ssj0000428905 035 $a(PQKBManifestationID)11276557 035 $a(PQKBTitleCode)TC0000428905 035 $a(PQKBWorkID)10424772 035 $a(PQKB)11324252 035 $a(StDuBDS)EDZ0000206346 035 $a(MiAaPQ)EBC917300 035 $a(MdBmJHUP)muse13547 035 $a(Au-PeEL)EBL917300 035 $a(CaPaEBR)ebr10396001 035 $a(CaONFJC)MIL263768 035 $a(EXLCZ)992560000000015014 100 $a20100128d2010 uy 0 101 0 $aeng 135 $aur|n|---||||| 181 $ctxt 182 $cc 183 $acr 200 14$aThe story-time of the British empire$b[electronic resource] $ecolonial and postcolonial folkloristics /$fSadhana Naithani 210 $aJackson $cUniversity Press of Mississippi$d2010 215 $a1 online resource (274 p.) 300 $aDescription based upon print version of record. 311 $a1-60473-455-8 320 $aIncludes bibliographical references and index. 327 $aCover Page; Title Page; Copyright Page; Dedication; Contents; Preface; Acknowledgments; CHAPTER 1. Fields: Colonialism, Folklore, and Postcolonial Theory; CHAPTER 2. Motive: The Contexts of Colonial Folklorists; CHAPTER 3. Method: The Striving of Colonial Folklorists; CHAPTER 4. Theory: Colonial Theories of Folklore; CHAPTER 5. The Story-Time of the British Empire: Transnational Folkloristics as Theory of Cultural Disjunctions; Notes; References; Index 330 $aIn The Story-Time of the British Empire, author Sadhana Naithani examines folklore collections compiled by British colonial administrators, military men, missionaries, and women in the British colonies of Africa, Asia, and Australia between 1860 and 1950. Much of this work was accomplished in the context of colonial relations and done by non-folklorists, yet these oral narratives and poetic expressions of non-Europeans were transcribed, translated, published, and discussed internationally. Naithani analyzes the role of folklore scholarship in the construction of colonial cultural politics as w 606 $aTales 606 $aFolklore 606 $aFolklorists 607 $aGreat Britain$xColonies 608 $aElectronic books. 615 0$aTales. 615 0$aFolklore. 615 0$aFolklorists. 676 $a398.20941 700 $aNaithani$b Sadhana$0883151 801 0$bMiAaPQ 801 1$bMiAaPQ 801 2$bMiAaPQ 906 $aBOOK 912 $a9910457972403321 996 $aThe story-time of the British empire$92004207 997 $aUNINA